BIBLIOTECA PODER JUDICIAL
Portal Judicial TDF

Discursos de odio, inteligencia artificial e intervención penal / (Registro nro. 6457)

000 -LEADER
fixed length control field 01241nab a22002417a 4500
003 - CONTROL NUMBER IDENTIFIER
control field OSt
005 - DATE AND TIME OF LATEST TRANSACTION
control field 20260205101024.0
008 - FIXED-LENGTH DATA ELEMENTS--GENERAL INFORMATION
fixed length control field 190429b xxu||||| |||| 00| 0 spa d
040 ## - CATALOGING SOURCE
Transcribing agency PJ
100 ## - MAIN ENTRY--PERSONAL NAME
9 (RLIN) 3063
Personal name Riquert, Marcelo A.
245 10 - TITLE STATEMENT
Title Discursos de odio, inteligencia artificial e intervención penal /
Statement of responsibility, etc Marcelo A. Riquert.
260 ## - PUBLICATION, DISTRIBUTION, ETC. (IMPRINT)
Date of publication, distribution, etc Ciudad Autónoma de Buenos Aires :
Place of publication, distribution, etc Thomson Reuters La Ley,
Name of publisher, distributor, etc 2024.
300 ## - PHYSICAL DESCRIPTION
Extent p. 141-158
500 ## - GENERAL NOTE
General note Cita: TR LALEY AR/DOC/806/2024.
505 ## - FORMATTED CONTENTS NOTE
Formatted contents note Sumario: I. Introducción.— II. Las fake news.— III. Los discursos de odio.— IV. Alternativas para normativizar.— V. Fake news, discursos de odio y libertad de expresión.— VI. IA al servicio de la detección/prevención y de la reproducción/multiplicación.— VII. Observaciones finales.
505 ## - FORMATTED CONTENTS NOTE
Title Si te interesa el texto completo, solicitalo a koha@justierradelfuego.gov.ar
650 #0 - SUBJECT ADDED ENTRY--TOPICAL TERM
9 (RLIN) 343
Topical term or geographic name as entry element DERECHO PENAL
650 #0 - SUBJECT ADDED ENTRY--TOPICAL TERM
9 (RLIN) 278
Topical term or geographic name as entry element DELITOS INFORMATICOS
650 #0 - SUBJECT ADDED ENTRY--TOPICAL TERM
9 (RLIN) 6081
Topical term or geographic name as entry element CIENCIA Y TECNOLOGÍA
650 #0 - SUBJECT ADDED ENTRY--TOPICAL TERM
9 (RLIN) 5817
Topical term or geographic name as entry element INTELIGENCIA ARTIFICIAL
773 0# - HOST ITEM ENTRY
Host Biblionumber 2658
Host Itemnumber 3164
Title Revista de derecho penal y criminología. Nº 4 - Mayo 2024
Place, publisher, and date of publication Ciudad Autónoma de Buenos Aires : Thomson Reuters La Ley, 2017-
International Standard Serial Number 00347914
942 ## - ADDED ENTRY ELEMENTS (KOHA)
Source of classification or shelving scheme
Koha item type Analítica Artículo de Revista

No hay ítems disponibles.

12 de Octubre 789 Ushuaia - Tel:  54(02901)441571
Horario de Atención: 8.00 a 17.00 hs. 
bibliotecaush@justierradelfuego.gov.ar
koha@justierradelfuego.gov.ar
Seguinos en nuestras redes @bibliojustdf 

Con tecnología Koha